| 000 | 00856nam a2200241 a 4500 | ||
|---|---|---|---|
| 999 |
_c3358 _d3358 |
||
| 001 | 3358 | ||
| 003 | BD-JhCC | ||
| 005 | 20171113103404.0 | ||
| 008 | 171113s2001 bg |||| |||| 000 0 ben d | ||
| 020 | _a9840741488 | ||
| 035 | _a(BD-JhCC) 3358 | ||
| 040 |
_aBD-JhCC _dBD-JhCC |
||
| 041 | _aben | ||
| 082 |
_a891.4409 _bABU 2001 |
||
| 245 |
_aআবু হেনা মোস্তফা কামাল রচনাবলী / _bপ্রথম খন্ড _cআনিসুজ্জামান, বিশ্বজিৎ ঘোষ |
||
| 260 |
_aঢাকা ; _bবাংলা একাডেমী, _c২০০১. |
||
| 300 |
_a৬০৭ পৃ. : _c২১ সেমি. |
||
| 650 | _acollection of works | ||
| 700 | _aআনিসুজ্জামান | ||
| 700 | _aঘোষ, বিশ্বজিৎ | ||
| 942 |
_2ddc _cBK |
||